Изучение пространственного распределение загрязнения тяжелыми металлами атмосферы г. Томска с помощью эпифитных мхов и атомно-эмиссионного анализа; Современные техника и технологии; Т. 3

التفاصيل البيبلوغرافية
Parent link:Современные техника и технологии: сборник трудов XIX международной научно-практической конференции студентов, аспирантов и молодых ученых, Томск, 15-19 апреля 2013 г./ Национальный исследовательский Томский политехнический университет (ТПУ).— , 2013
Т. 3.— 2013.— [С. 22-23]
المؤلف الرئيسي: Долецкая Ю. В. Юлия Викторовна
مؤلف مشترك: Национальный исследовательский Томский политехнический университет (ТПУ) Физико-технический институт (ФТИ) Кафедра прикладной физики (№ 12) (ПФ)
مؤلفون آخرون: Рыжакова Н. К. Надежда Кирилловна (научный руководитель)
الملخص:Заглавие с титульного экрана
اللغة:الروسية
منشور في: 2013
سلاسل:Физические методы в науке и технике
الموضوعات:
الوصول للمادة أونلاين:http://www.lib.tpu.ru/fulltext/c/2013/C01/V3/010.pdf
التنسيق: MixedMaterials الكتروني فصل الكتاب
KOHA link:https://koha.lib.tpu.ru/cgi-bin/koha/opac-detail.pl?biblionumber=243912

MARC

LEADER 00000naa2a2200000 4500
001 243912
005 20251219163548.0
035 |a (RuTPU)RU\TPU\book\265267 
035 |a RU\TPU\book\265259 
090 |a 243912 
100 |a 20131009d2013 k y0rusy50 ca 
101 0 |a rus 
102 |a RU 
135 |a drnn ---uucaa 
181 0 |a i  
182 0 |a b 
200 1 |a Изучение пространственного распределение загрязнения тяжелыми металлами атмосферы г. Томска с помощью эпифитных мхов и атомно-эмиссионного анализа  |f Ю. В. Долецкая  |g науч. рук. Н. К. Рыжакова 
203 |a Текст  |c электронный 
225 1 |a Физические методы в науке и технике 
300 |a Заглавие с титульного экрана 
320 |a [Библиогр.: с. 23 (3 назв.)] 
337 |a Adobe Reader 
461 1 |0 (RuTPU)RU\TPU\book\263794  |t Современные техника и технологии  |o сборник трудов XIX международной научно-практической конференции студентов, аспирантов и молодых ученых, Томск, 15-19 апреля 2013 г.  |o в 3 т.  |f Национальный исследовательский Томский политехнический университет (ТПУ)   |d 2013 
463 1 |0 (RuTPU)RU\TPU\book\263799  |t Т. 3  |v [С. 22-23]  |d 2013 
610 1 |a труды учёных ТПУ 
610 1 |a электронный ресурс 
610 1 |a пространственное распределение 
610 1 |a загрязнение 
610 1 |a тяжелые металлы 
610 1 |a атмосфера 
610 1 |a эпифитные мхи 
610 1 |a атомно-эмиссионный анализ 
610 1 |a Томск 
700 1 |a Долецкая  |b Ю. В.  |g Юлия Викторовна 
702 1 |a Рыжакова  |b Н. К.  |c физик  |c доцент Томского политехнического университета, кандидат физико-математических наук  |f 1947-  |g Надежда Кирилловна  |3 (RuTPU)RU\TPU\pers\28003  |4 727  |9 12992 
712 0 2 |a Национальный исследовательский Томский политехнический университет (ТПУ)  |b Физико-технический институт (ФТИ)  |b Кафедра прикладной физики (№ 12) (ПФ)  |3 (RuTPU)RU\TPU\col\18729 
801 2 |a RU  |b 63413507  |c 20160413  |g RCR 
856 4 |u http://www.lib.tpu.ru/fulltext/c/2013/C01/V3/010.pdf 
942 |c CF